[Event "4NCL/Div3/KJCAK vs. SCS"]
[Site "Staverton Park ENG"]
[Date "2009.02.07"]
[Round "5.3"]
[White "Bayliss, Lyall C P"]
[Black "Bogoda, Sagara T"]
[Result "0-1"]
[WhiteElo "1971"]
[BlackElo "1870"]
[PlyCount "119"]
[EventDate "2009.02.07"]
[SourceDate "2008.10.04"]

1. e4 e6 2. d4 d5 3. e5 c5 4. c3 Qb6 5. Nf3 Nc6 6. Be2 Bd7 7. O-O cxd4 8. cxd4
Nge7 9. Nc3 Nf5 10. Na4 Qc7 11. g4 Nfe7 12. Bd2 Ng6 13. Rc1 Qd8 14. a3 Be7 15.
b4 a6 16. Nc5 Bxc5 17. Rxc5 O-O 18. Qc2 f6 19. exf6 Qxf6 20. Bg5 Qf7 21. Qd2
Nf4 22. Bd1 h6 23. Rxc6 Bxc6 24. Ne5 Nh3+ 25. Kg2 Qc7 26. Kxh3 hxg5 27. Qxg5
Be8 28. Qe3 Rc8 29. Be2 Qc2 30. Bd3 Rc3 31. Kg2 Qb3 32. Qh3 g6 33. g5 Rf5 34.
Bxf5 Rxh3 35. Bxe6+ Bf7 36. Bxh3 Qxa3 37. Rb1 Qc3 38. Nf3 Qc2 39. Re1 Qb2 40.
Re7 Qxb4 41. Rc7 Qb6 42. Rd7 Be6 43. Bxe6+ Qxe6 44. Ne5 b5 45. Rb7 Qd6 46. h4
b4 47. f4 a5 48. f5 gxf5 49. h5 Qd8 50. Nf7 Qe8 51. g6 Qe2+ 52. Kg3 Qg4+ 53.
Kf2 Qxd4+ 54. Kf3 Qg4+ 55. Ke3 d4+ 56. Kf2 Qf4+ 57. Kg1 Qg3+ 58. Kh1 Qf3+ 59.
Kg1 Qxb7 60. h6 0-1

[Event "4NCL/Div3/KJCAK vs. SCS"]
[Site "Staverton Park ENG"]
[Date "2009.02.07"]
[Round "5.4"]
[White "Lutton, J Arnold"]
[Black "Lunn, Matt"]
[Result "1/2-1/2"]
[WhiteElo "1847"]
[BlackElo "1882"]
[PlyCount "65"]
[EventDate "2009.02.07"]
[SourceDate "2008.10.04"]

1. e4 c6 2. Nc3 d5 3. Nf3 dxe4 4. Nxe4 Nd7 5. Bc4 Ngf6 6. Qe2 Nxe4 7. Qxe4 Nf6
8. Ne5 e6 9. Qe2 Bc5 10. c3 O-O 11. d4 Be7 12. O-O Bd7 13. Bg5 Nd5 14. Bxe7
Qxe7 15. Rfe1 Rfd8 16. Rad1 a5 17. Qf3 Be8 18. Nd3 a4 19. a3 Qf6 20. Bxd5 Rxd5
21. Qxf6 gxf6 22. f4 b6 23. Nf2 Rb5 24. Rd2 Rd8 25. Ne4 f5 26. Nf6+ Kg7 27.
Nxe8+ Rxe8 28. Re5 Rb3 29. Kf2 f6 30. Ree2 Rb5 31. c4 Ra5 32. Re3 Kf7 33. Rh3
1/2-1/2

[Event "4NCL/Div3/KJCAK vs. SCS"]
[Site "Staverton Park ENG"]
[Date "2009.02.07"]
[Round "5.5"]
[White "Gahir, Jasdeep"]
[Black "Bogoda, Nathasha"]
[Result "1-0"]
[WhiteElo "1872"]
[BlackElo "1595"]
[PlyCount "69"]
[EventDate "2009.02.07"]
[SourceDate "2008.10.04"]

1. e4 e6 2. d4 d5 3. Nc3 Ne7 4. e5 Nf5 5. f4 c5 6. Nf3 Qb6 7. Ne2 Nc6 8. c3
cxd4 9. Nexd4 Ncxd4 10. Nxd4 Nxd4 11. cxd4 Bd7 12. h4 Bb4+ 13. Kf2 Rc8 14. Rh3
Be7 15. h5 f6 16. Rb3 Qc7 17. Rc3 Qb6 18. Rxc8+ Bxc8 19. Qc2 Bd7 20. Be3 a6 21.
b3 fxe5 22. fxe5 Rf8+ 23. Kg1 h6 24. Qg6+ Rf7 25. Bd3 Bg5 26. Rf1 Bxe3+ 27. Kh1
Qxd4 28. Qxf7+ Kd8 29. Qf8+ Be8 30. Qd6+ Kc8 31. Qxe6+ Kd8 32. Qd6+ Kc8 33.
Bf5+ Bd7 34. Bxd7+ Kd8 35. Rf8# 1-0

[Event "4NCL/Div3/LIT2 vs. AMCAR"]
[Site "Staverton Park ENG"]
[Date "2009.02.07"]
[Round "5.1"]
[White "Jones, Christopher M"]
[Black "Mitchell, Stephen R"]
[Result "1-0"]
[WhiteElo "1950"]
[BlackElo "2032"]
[PlyCount "71"]
[EventDate "2009.02.07"]
[SourceDate "2008.10.04"]

1. e4 b6 2. d4 Bb7 3. Bd3 e6 4. Nc3 d6 5. Qe2 Nf6 6. Nf3 Be7 7. e5 Nd5 8. Nxd5
Bxd5 9. Be4 Bxe4 10. Qxe4 d5 11. Qg4 Bf8 12. O-O Nc6 13. Bd2 Qd7 14. Rac1 O-O-O
15. c4 Kb8 16. c5 Rc8 17. b4 Ne7 18. Ng5 Nf5 19. Be3 c6 20. Qe2 h6 21. Nf3 g5
22. a4 Rc7 23. Rb1 Qc8 24. Rb2 Be7 25. Rfb1 Ka8 26. Ne1 Rd8 27. Nd3 Qa6 28. b5
cxb5 29. cxb6 Rc4 30. Rxb5 Rxa4 31. bxa7 Ra1 32. Qb2 Rxb1+ 33. Qxb1 Kxa7 34.
Bd2 Nxd4 35. Ra5 Rb8 36. Rxa6+ 1-0

[Event "4NCL/Div3/LIT2 vs. AMCAR"]
[Site "Staverton Park ENG"]
[Date "2009.02.07"]
[Round "5.2"]
[White "Tart, Peter K"]
[Black "Ireland, David J"]
[Result "1-0"]
[WhiteElo "2005"]
[BlackElo "1997"]
[PlyCount "57"]
[EventDate "2009.02.07"]
[SourceDate "2008.10.04"]

1. e4 c5 2. Nc3 Nc6 3. f4 g6 4. Nf3 Bg7 5. Bb5 Nd4 6. O-O a6 7. Bd3 d6 8. Nxd4
Bxd4+ 9. Kh1 Nh6 10. f5 O-O 11. Ne2 Be5 12. Bc4 e6 13. d4 Bxh2 14. Kxh2 Qh4+
15. Kg1 exf5 16. Bxh6 Qxh6 17. Qd3 fxe4 18. Qxe4 Qg5 19. Rxf7 Rxf7 20. Qe8+ Kg7
21. Qxf7+ Kh6 22. Qf8+ Kh5 23. Kf2 Qd2 24. Rh1+ Kg4 25. Bd5 h5 26. Qxd6 Kg5 27.
Be4 Bf5 28. Qe7+ Kh6 29. Bxf5 1-0

[Event "4NCL/Div3/LIT2 vs. AMCAR"]
[Site "Staverton Park ENG"]
[Date "2009.02.07"]
[Round "5.3"]
[White "Jaszkiwskyj, Peter"]
[Black "Tunstall, George"]
[Result "1-0"]
[WhiteElo "2020"]
[BlackElo "2014"]
[PlyCount "43"]
[EventDate "2009.02.07"]
[SourceDate "2008.10.04"]

1. d4 d5 2. c4 c6 3. Nc3 Nf6 4. Nf3 e6 5. Bg5 Nbd7 6. e3 Qa5 7. Nd2 Bb4 8. Qc2
O-O 9. Be2 c5 10. O-O h6 11. Nb3 Qd8 12. Bh4 cxd4 13. Nxd4 dxc4 14. Bxc4 e5 15.
Nf5 Qc7 16. Nxh6+ gxh6 17. Qg6+ Kh8 18. Bxf6+ Nxf6 19. Qxf6+ Kg8 20. Qg6+ Kh8
21. Qxh6+ Kg8 22. Nd5 1-0

[Event "4NCL/Div3/LIT2 vs. AMCAR"]
[Site "Staverton Park ENG"]
[Date "2009.02.07"]
[Round "5.4"]
[White "Green, George D A"]
[Black "Mapletoft, Alexander J"]
[Result "1-0"]
[WhiteElo "1975"]
[BlackElo "1925"]
[PlyCount "87"]
[EventDate "2009.02.07"]
[SourceDate "2008.10.04"]

1. c4 e5 2. Nc3 Nf6 3. Nf3 Nc6 4. g3 d5 5. cxd5 Nxd5 6. d3 Bc5 7. Bg2 f6 8. O-O
Nxc3 9. bxc3 Be6 10. Qa4 O-O 11. Rd1 Qd7 12. d4 Rad8 13. Bb2 exd4 14. cxd4 Bb6
15. Qc2 Bh3 16. e4 Bxg2 17. Kxg2 Qf7 18. d5 Ne5 19. Nd4 Bxd4 20. Bxd4 Qh5 21.
Qb3 Kh8 22. Rd2 b6 23. f4 Ng4 24. h3 Nh6 25. Rc1 Qe8 26. Qc2 Rf7 27. Bb2 Rfd7
28. Re2 Nf7 29. Qc3 Rxd5 30. e5 fxe5 31. fxe5 Rc5 32. Qe3 Rxc1 33. Qxc1 c5 34.
e6 Qe7 35. Qe3 Nd6 36. Rf2 Nc4 37. Qc3 Nxb2 38. Rf7 Qg5 39. e7 Qd5+ 40. Qf3
Qd2+ 41. Qf2 Qd5+ 42. Kh2 Rg8 43. Rf8 Nc4 44. e8=Q 1-0

[Event "4NCL/Div3/LIT2 vs. AMCAR"]
[Site "Staverton Park ENG"]
[Date "2009.02.07"]
[Round "5.5"]
[White "Watkinson, Phil K"]
[Black "Marley, Andrew"]
[Result "0-1"]
[WhiteElo "1950"]
[BlackElo "1805"]
[PlyCount "66"]
[EventDate "2009.02.07"]
[SourceDate "2008.10.04"]

1. d4 Nf6 2. c4 g6 3. Nc3 Bg7 4. e4 d6 5. Be2 O-O 6. Bg5 c6 7. Qd2 e5 8. d5 Qc7
9. f3 a5 10. g4 Kh8 11. Nh3 Ng8 12. Nf2 Na6 13. dxc6 bxc6 14. Rd1 f6 15. Be3
Rd8 16. O-O f5 17. exf5 gxf5 18. Bg5 Bf6 19. Kh1 Qg7 20. Bxf6 Nxf6 21. Qc2 f4
22. Nce4 Nxe4 23. Nxe4 d5 24. cxd5 cxd5 25. Qc3 Bb7 26. Qxa5 Nc7 27. Qb6 Rdb8
28. Nc3 d4 29. Qc5 dxc3 30. Qxc3 Nd5 31. Qd2 Ne3 32. Rg1 Nxd1 33. Qxd1 e4 0-1

[Event "4NCL/Div3/LIT2 vs. AMCAR"]
[Site "Staverton Park ENG"]
[Date "2009.02.07"]
[Round "5.6"]
[White "Bunn, Matthew"]
[Black "Deacon, Paul"]
[Result "0-1"]
[WhiteElo "1840"]
[BlackElo "1930"]
[PlyCount "66"]
[EventDate "2009.02.07"]
[SourceDate "2008.10.04"]

1. d4 Nf6 2. c4 e5 3. dxe5 Ng4 4. Bf4 Bb4+ 5. Nd2 Nc6 6. Ngf3 Qe7 7. e4 Ngxe5
8. Nxe5 Nxe5 9. f3 O-O 10. Be2 Qf6 11. Bg3 d6 12. O-O Nc6 13. Rb1 Qd4+ 14. Bf2
Qxd2 15. Qxd2 Bxd2 16. Rbd1 Bh6 17. Rd5 f5 18. c5 Be6 19. Rdd1 fxe4 20. cxd6
cxd6 21. fxe4 Bf4 22. Bf3 Bxa2 23. Ra1 Be6 24. b4 Be5 25. Rad1 Nxb4 26. Bd4
Rfd8 27. Rd2 Nc6 28. Be3 a5 29. Bd1 a4 30. Bg5 Rd7 31. Rdf2 Bd4 32. Kh1 Bxf2
33. Rxf2 a3 0-1

[Event "4NCL/Div3/MIN vs. OXF3"]
[Site "Staverton Park ENG"]
[Date "2009.02.07"]
[Round "5.1"]
[White "Ackley, Peter"]
[Black "Ludbrook, Matt"]
[Result "0-1"]
[WhiteElo "2101"]
[BlackElo "2011"]
[PlyCount "52"]
[EventDate "2009.02.07"]
[SourceDate "2008.10.04"]

1. g3 g6 2. Bg2 Bg7 3. c4 e5 4. Nc3 d6 5. e4 Ne7 6. Nge2 O-O 7. O-O f5 8. d3
Nd7 9. Be3 Nf6 10. f3 h6 11. Qd2 Kh7 12. Rac1 c6 13. d4 g5 14. dxe5 dxe5 15.
Rfd1 Qe8 16. Qc2 b6 17. Rd6 f4 18. gxf4 gxf4 19. Bf2 Qh5 20. Kh1 Ne8 21. Rd2
Bf6 22. Rg1 Ng6 23. Nc1 Be6 24. b3 Rc8 25. Nd3 Rc7 26. Rdd1 Rg8 0-1

[Event "4NCL/Div3/MIN vs. OXF3"]
[Site "Staverton Park ENG"]
[Date "2009.02.07"]
[Round "5.3"]
[White "Hardman, Michael J"]
[Black "Terry, Sean"]
[Result "1-0"]
[WhiteElo "2087"]
[BlackElo "1870"]
[PlyCount "121"]
[EventDate "2009.02.07"]
[SourceDate "2008.10.04"]

1. e4 Nf6 2. e5 Nd5 3. c4 Nb6 4. c5 Nd5 5. Nc3 Nxc3 6. dxc3 e6 7. Be3 d5 8.
cxd6 cxd6 9. Nf3 Nc6 10. exd6 Bxd6 11. Be2 Qe7 12. O-O e5 13. Ng5 Bf5 14. Bc4
Bg6 15. Nh3 O-O 16. Qg4 Kh8 17. f4 f5 18. Qf3 exf4 19. Nxf4 Bxf4 20. Qxf4 Ne5
21. Be2 Nc6 22. Bf3 Rfd8 23. Rae1 Qf7 24. Bxc6 bxc6 25. Bd4 Re8 26. b3 a5 27.
Qd6 Qd5 28. Qxd5 cxd5 29. Rxe8+ Rxe8 30. Kf2 Re4 31. Re1 Be8 32. Rxe4 fxe4 33.
Ke3 Kg8 34. Kf4 Kf7 35. Ke5 Bc6 36. a4 Ke7 37. Bb6 Kd7 38. Kd4 Ke6 39. Bxa5 Kf5
40. Bc7 h5 41. Ke3 g5 42. Bd8 h4 43. Be7 Bd7 44. Bd8 Be8 45. Bb6 Ke5 46. Bc5
Bd7 47. Ba3 Ke6 48. Bc1 Ke5 49. Bd2 g4 50. g3 hxg3 51. hxg3 Bc6 52. Bc1 Bd7 53.
Ba3 Be8 54. Bf8 Bd7 55. Bg7+ Kf5 56. Kd4 Kg6 57. Be5 Kf5 58. Bf4 Bc6 59. Kc5
Ba8 60. a5 Ke6 61. a6 1-0

[Event "4NCL/Div3/MIN vs. OXF3"]
[Site "Staverton Park ENG"]
[Date "2009.02.07"]
[Round "5.4"]
[White "Lai, Yi Ming"]
[Black "Twitchell, Neville H"]
[Result "1-0"]
[WhiteElo "1835"]
[BlackElo "1976"]
[PlyCount "163"]
[EventDate "2009.02.07"]
[SourceDate "2008.10.04"]

1. e4 c5 2. Nc3 d6 3. f4 Nc6 4. Nf3 Nf6 5. Bc4 e6 6. d3 a6 7. a4 Be7 8. O-O O-O
9. Qe2 d5 10. Ba2 d4 11. Nb1 b5 12. Nbd2 Bd7 13. Bb3 Qa5 14. e5 Ne8 15. Ne4 Nb4
16. Nfd2 Nd5 17. Qh5 Ne3 18. Rf3 g6 19. Qh3 bxa4 20. c3 Rd8 21. Nc4 Nxc4 22.
Bxc4 Qb6 23. Qh6 f5 24. Rh3 Rf7 25. Ng3 Bb5 26. Nf1 dxc3 27. bxc3 Bxc4 28. dxc4
Rd1 29. Re3 Qd8 30. Qh3 Bf8 31. Qf3 Rfd7 32. Qc6 Nc7 33. Qxa4 R7d3 34. Kf2 Rxe3
35. Bxe3 Rxa1 36. Qxa1 Qd7 37. Qa5 Qc6 38. Nd2 Bh6 39. g3 Bf8 40. Nb3 Na8 41.
Nxc5 Nc7 42. h3 Kf7 43. Qb4 Be7 44. Qb7 Qxb7 45. Nxb7 Ba3 46. Bb6 Na8 47. Ba5
Ke8 48. Nd6+ Kd7 49. Bb4 Bb2 50. Ke3 Kc6 51. Ne8 Bc1+ 52. Kd3 h5 53. Nf6 h4 54.
gxh4 Bxf4 55. Bd6 Nb6 56. h5 gxh5 57. Nxh5 Bh2 58. Nf6 Na4 59. Kc2 Nc5 60. h4
f4 61. h5 f3 62. Bxc5 Kxc5 63. h6 f2 64. Ne4+ Kxc4 65. Nxf2 Bxe5 66. Ne4 a5 67.
h7 Bg7 68. Nd6+ Kc5 69. Nf7 e5 70. h8=Q Bxh8 71. Nxh8 e4 72. Ng6 a4 73. Nf4 Kc4
74. Ng2 Kb5 75. Ne3 Kc5 76. Kb2 Kb5 77. Ka3 Ka5 78. Nc4+ Kb5 79. Nd6+ Kc5 80.
Nxe4+ Kc4 81. Kxa4 Kd3 82. Kb4 1-0

[Event "4NCL/Div3/NOTT2 vs. HAL"]
[Site "Staverton Park ENG"]
[Date "2009.02.07"]
[Round "5.1"]
[White "Taylor, Robert P"]
[Black "Pugh, Glyn D"]
[Result "1/2-1/2"]
[WhiteElo "1956"]
[BlackElo "2045"]
[PlyCount "59"]
[EventDate "2009.02.07"]
[SourceDate "2008.10.04"]

1. d4 Nf6 2. Nf3 g6 3. Bg5 Bg7 4. Nbd2 d5 5. e3 O-O 6. Bd3 Nbd7 7. O-O c5 8. c3
b6 9. Re1 Bb7 10. Rc1 Ne4 11. Bf4 h6 12. h4 Rc8 13. dxc5 e5 14. cxb6 axb6 15.
Bh2 Nec5 16. Bb5 e4 17. Nd4 Ne5 18. Bxe5 Bxe5 19. f4 exf3 20. N2xf3 Bg3 21. Re2
Ne4 22. Qf1 Bxh4 23. Nxh4 Qxh4 24. Qf4 Qh5 25. Rf1 Qg5 26. Rf3 Rc5 27. Bd7 Qxf4
28. exf4 Ba6 29. Re1 Rd8 30. Ba4 1/2-1/2

[Event "4NCL/Div3/NOTT2 vs. HAL"]
[Site "Staverton Park ENG"]
[Date "2009.02.07"]
[Round "5.2"]
[White "Lee, Darren"]
[Black "Graham, Neil"]
[Result "1-0"]
[WhiteElo "1950"]
[BlackElo "1925"]
[PlyCount "77"]
[EventDate "2009.02.07"]
[SourceDate "2008.10.04"]

1. d4 Nf6 2. c4 e5 3. dxe5 Ne4 4. Nf3 Bb4+ 5. Bd2 Nxd2 6. Nbxd2 Nc6 7. g3 Qe7
8. Bg2 Nxe5 9. Nxe5 Qxe5 10. a3 Be7 11. Qc2 Bf6 12. Nf3 Qxb2 13. Qe4+ Be7 14.
O-O Qf6 15. Rab1 O-O 16. Rb5 d6 17. Ng5 g6 18. h4 c6 19. Rb3 Bf5 20. Qe3 b6 21.
Bxc6 Rac8 22. Bd5 h6 23. Nf3 Kg7 24. Kg2 Rfe8 25. Nd4 Bf8 26. Nxf5+ Qxf5 27.
Qd2 Rc7 28. Rf3 Qc8 29. Qd4+ Re5 30. Re3 f6 31. Rf3 Rf5 32. Rxf5 Qxf5 33. e4
Qe5 34. Qd2 Kh7 35. f4 Qe8 36. f5 Qa4 37. fxg6+ Kxg6 38. Qf2 Be7 39. Qf5+ 1-0

[Event "4NCL/Div3/NOTT2 vs. HAL"]
[Site "Staverton Park ENG"]
[Date "2009.02.07"]
[Round "5.3"]
[White "Cranmer, Stan"]
[Black "Doran, Michael J"]
[Result "1/2-1/2"]
[WhiteElo "1890"]
[BlackElo "1855"]
[PlyCount "121"]
[EventDate "2009.02.07"]
[SourceDate "2008.10.04"]

1. e4 e6 2. d4 d5 3. Nc3 Bb4 4. exd5 exd5 5. Bd3 Nf6 6. Nge2 O-O 7. Bg5 c6 8.
O-O Re8 9. Ng3 h6 10. Bf4 Bd6 11. Qd2 Bf8 12. Rae1 Rxe1 13. Rxe1 Na6 14. Be2
Nc7 15. Bf3 Be6 16. Nce2 Qd7 17. c3 Re8 18. Nc1 c5 19. Nd3 cxd4 20. cxd4 Nb5
21. Ne5 Qd8 22. Bd1 Qb6 23. Be3 Nd6 24. a3 Rc8 25. Bc2 Nc4 26. Nxc4 Rxc4 27. b3
Rc8 28. Qd3 g6 29. b4 Qc7 30. Rc1 Qc4 31. Ne2 Qxd3 32. Bxd3 Rxc1+ 33. Bxc1 Kg7
34. Nf4 Bd7 35. f3 Bd6 36. g3 a6 37. Kf2 Kf8 38. Ne2 h5 39. Nc3 b5 40. Bh6+ Ke7
41. Bg5 Bc6 42. h3 Ke6 43. Ne2 Be7 44. g4 Nxg4+ 45. fxg4 Bxg5 46. gxh5 gxh5 47.
Kf3 Kf6 48. Nf4 Bxf4 49. Kxf4 Bd7 50. h4 Bg4 51. Bf1 Bd1 52. Bg2 Bb3 53. Bh3
Bc4 54. Bc8 Ke7 55. Ke5 f6+ 56. Kf4 Be2 57. Bh3 Bd3 58. Bg2 Kd6 59. Bh3 Ke7 60.
Bc8 Be2 61. Bf5 1/2-1/2

[Event "4NCL/Div3/NOTT2 vs. HAL"]
[Site "Staverton Park ENG"]
[Date "2009.02.07"]
[Round "5.4"]
[White "Llewelyn, John D"]
[Black "Hill, Maurice J"]
[Result "1/2-1/2"]
[WhiteElo "1815"]
[BlackElo "1870"]
[PlyCount "96"]
[EventDate "2009.02.07"]
[SourceDate "2008.10.04"]

1. Nf3 Nf6 2. d3 d5 3. Nbd2 g6 4. g3 Bg7 5. Bg2 O-O 6. O-O Re8 7. e4 dxe4 8.
dxe4 e5 9. Re1 Nc6 10. c3 h6 11. Qc2 Be6 12. b3 a5 13. Bb2 Nd7 14. Rad1 Qc8 15.
Nf1 b5 16. Ne3 Qb7 17. Nd5 Na7 18. Rd2 Nc8 19. Red1 c6 20. Ne3 Ncb6 21. Ne1 Qc7
22. Ba3 Nc8 23. Nd3 Qa7 24. Re2 a4 25. b4 Bb3 26. axb3 axb3 27. Qxb3 Qxa3 28.
Qxa3 Rxa3 29. Bh3 Ncb6 30. Rc1 Nf6 31. Nc5 Rd8 32. Rec2 Na4 33. c4 Nxc5 34.
bxc5 b4 35. Bg2 Bf8 36. Rb2 Bxc5 37. Nc2 Rc3 38. Rcb1 Rxc4 39. Nxb4 Bxb4 40.
Rxb4 Rxb4 41. Rxb4 Rd4 42. Rb8+ Kg7 43. Rc8 Rd1+ 44. Bf1 Rc1 45. f3 Nd7 46. Kf2
Nb6 47. Rc7 c5 48. Bb5 c4 1/2-1/2

[Event "4NCL/Div3/NOTT2 vs. HAL"]
[Site "Staverton Park ENG"]
[Date "2009.02.07"]
[Round "5.5"]
[White "Myers, Richard"]
[Black "Peck, Windsor W"]
[Result "1/2-1/2"]
[WhiteElo "1840"]
[BlackElo "1845"]
[PlyCount "67"]
[EventDate "2009.02.07"]
[SourceDate "2008.10.04"]

1. d4 d5 2. c4 e6 3. Nc3 c6 4. e4 Nf6 5. e5 Nfd7 6. cxd5 cxd5 7. Bd3 Be7 8. Qg4
Bf8 9. f4 a6 10. Nge2 Nc6 11. f5 Nb6 12. O-O Bd7 13. Bg5 Qc7 14. Rac1 Nc4 15.
Bxc4 dxc4 16. fxe6 Bxe6 17. Qe4 Be7 18. Bxe7 Nxe7 19. d5 Qc5+ 20. Kh1 Nxd5 21.
Na4 Qe3 22. Nac3 Qxe4 23. Nxe4 O-O 24. a4 b5 25. Nd6 Nb4 26. Nf4 Bd7 27. Rc3
bxa4 28. Rxc4 Nc6 29. Re1 Rfb8 30. Nd3 g6 31. Rf4 Be6 32. Rxa4 Rb6 33. Ne4 Rb3
34. Ndc5 1/2-1/2

[Event "4NCL/Div3/NOTT2 vs. HAL"]
[Site "Staverton Park ENG"]
[Date "2009.02.07"]
[Round "5.6"]
[White "Pitt, Christopher"]
[Black "Willoughby, Robert"]
[Result "0-1"]
[WhiteElo "1780"]
[BlackElo "1810"]
[PlyCount "27"]
[EventDate "2009.02.07"]
[SourceDate "2008.10.04"]

1. e4 c5 2. Nf3 d6 3. Bb5+ Nd7 4. O-O a6 5. Bxd7+ Bxd7 6. Re1 e5 7. c3 Ne7 8.
d4 Ng6 9. Nbd2 b5 10. Nf1 Be7 11. Ne3 O-O 12. dxe5 dxe5 13. Nd5 h6 14. Be3 {
scoresheet illegible} 0-1

[Event "4NCL/Div3/WOB vs. CELT2"]
[Site "Staverton Park ENG"]
[Date "2009.02.07"]
[Round "5.1"]
[White "Harley-Yeo, Gareth"]
[Black "Thomas, Mark"]
[Result "0-1"]
[WhiteElo "2044"]
[BlackElo "2015"]
[PlyCount "82"]
[EventDate "2009.02.07"]
[SourceDate "2008.10.04"]

1. d4 g6 2. c4 Bg7 3. Nc3 c5 4. d5 Bxc3+ 5. bxc3 f5 6. e4 fxe4 7. f3 e3 8. Bxe3
d6 9. Bd3 Qa5 10. Qc2 Nf6 11. Bh6 Rg8 12. Ne2 Nbd7 13. Bf4 Nh5 14. O-O Nxf4 15.
Nxf4 Ne5 16. Rfe1 Bd7 17. Ne6 Bxe6 18. dxe6 Nxd3 19. Qxd3 O-O-O 20. a4 Kc7 21.
Reb1 Rb8 22. Rb5 Qa6 23. Qe4 Qc6 24. Qh4 Rg7 25. Qh6 Rbg8 26. a5 g5 27. Rab1 g4
28. Rxb7+ Qxb7 29. Rxb7+ Kxb7 30. f4 g3 31. h4 Rg6 32. Qxh7 Rxe6 33. Qb1+ Kc7
34. f5 Re5 35. f6 Rf8 36. f7 Rxf7 37. a6 Rf2 38. Qb7+ Kd8 39. Qb8+ Kd7 40. Qb7+
Ke6 41. Qc8+ Kf7 0-1

[Event "4NCL/Div3/WOB vs. CELT2"]
[Site "Staverton Park ENG"]
[Date "2009.02.07"]
[Round "5.3"]
[White "Rees, Sioned"]
[Black "Larter, Nick"]
[Result "0-1"]
[WhiteElo "1395"]
[BlackElo "1807"]
[PlyCount "46"]
[EventDate "2009.02.07"]
[SourceDate "2008.10.04"]

1. e4 c5 2. Nc3 e6 3. g3 a6 4. Bg2 Nc6 5. d3 g6 6. Rb1 Bg7 7. Be3 b6 8. Nf3
Nge7 9. O-O O-O 10. Ne2 Bb7 11. c3 d5 12. exd5 Nxd5 13. Bc1 Qc7 14. Nf4 Nxf4
15. Bxf4 e5 16. Bd2 Rad8 17. Qc2 Rd7 18. Rfe1 Rfd8 19. Bf1 Na5 20. Nh4 e4 21.
Bf4 exd3 22. Qxd3 Qc6 23. Qf3 Qxf3 0-1

[Event "4NCL/Div3/AMCAH vs. LIT3"]
[Site "Staverton Park ENG"]
[Date "2009.02.07"]
[Round "5.1"]
[White "Periasamymanjula, Mani"]
[Black "Turvey, Steven"]
[Result "1/2-1/2"]
[WhiteElo "1718"]
[BlackElo "1915"]
[PlyCount "89"]
[EventDate "2009.02.07"]
[SourceDate "2008.10.04"]

1. e4 e5 2. Nf3 Nc6 3. Bb5 a6 4. Ba4 Nf6 5. O-O d6 6. Re1 Bd7 7. c3 Be7 8. d4
exd4 9. cxd4 O-O 10. h3 d5 11. e5 Ne4 12. Nc3 Nxc3 13. bxc3 Na5 14. Bb3 c6 15.
Nh2 Qc8 16. Qf3 Re8 17. Qg3 Kh8 18. f4 Nxb3 19. axb3 f6 20. Ra2 fxe5 21. fxe5
Be6 22. Kh1 Rf8 23. Nf3 Qe8 24. Bg5 Qg6 25. Qh4 Bxg5 26. Qxg5 Qf5 27. Qxf5 Rxf5
28. b4 Raf8 29. Re3 h6 30. Kh2 Kh7 31. Rf2 g5 32. g4 Rf4 33. Kg3 Kg6 34. Ree2
R8f7 35. Nh2 Rxf2 36. Rxf2 Rxf2 37. Kxf2 h5 38. Kg3 hxg4 39. hxg4 Kf7 40. Nf3
Kg6 41. Nd2 Kf7 42. Nb3 Ke7 43. Na5 Bc8 44. c4 Ke6 45. c5 1/2-1/2

[Event "4NCL/Div3/AMCAH vs. LIT3"]
[Site "Staverton Park ENG"]
[Date "2009.02.07"]
[Round "5.2"]
[White "van der Westhuizen, Charles"]
[Black "Ward, Matthew J"]
[Result "1-0"]
[WhiteElo "1824"]
[BlackElo "1760"]
[PlyCount "67"]
[EventDate "2009.02.07"]
[SourceDate "2008.10.04"]

1. d4 Nf6 2. c4 e6 3. Nc3 d5 4. cxd5 exd5 5. Bf4 Bd6 6. Bg3 c6 7. e3 Bxg3 8.
hxg3 Bf5 9. Bd3 Bxd3 10. Qxd3 Qe7 11. Nf3 Nbd7 12. Rh4 O-O-O 13. O-O-O h5 14.
Rhh1 Ne4 15. Qc2 Ndf6 16. Ne5 Ng4 17. Nxe4 Nxe5 18. dxe5 dxe4 19. Qxe4 Qc5+ 20.
Kb1 Kb8 21. f4 g6 22. Rd4 Rd5 23. Rc1 Qb5 24. Rxd5 cxd5 25. Qc2 Qb6 26. Qc5 Qe6
27. Rd1 Rd8 28. e4 b6 29. Qd4 Kc7 30. exd5 Qf5+ 31. Ka1 Qg4 32. d6+ Kd7 33.
Qa4+ Ke6 34. Qc4+ 1-0

[Event "4NCL/Div3/AMCAH vs. LIT3"]
[Site "Staverton Park ENG"]
[Date "2009.02.07"]
[Round "5.3"]
[White "Malhotra, Tarun"]
[Black "Farrall, David J"]
[Result "1/2-1/2"]
[WhiteElo "1730"]
[BlackElo "1812"]
[PlyCount "68"]
[EventDate "2009.02.07"]
[SourceDate "2008.10.04"]

1. e4 c5 2. Nf3 Nc6 3. d4 cxd4 4. Nxd4 Nf6 5. Nc3 e5 6. Ndb5 d6 7. Bg5 a6 8.
Na3 Be7 9. Bd3 b5 10. Bxf6 Bxf6 11. Nd5 Bg5 12. c3 O-O 13. O-O Be6 14. f4 exf4
15. Nxf4 Qb6+ 16. Kh1 Ne5 17. Nc2 Nxd3 18. Qxd3 Bc4 19. Qg3 Bxf1 20. Qxg5 h6
21. Qg3 Bxg2+ 22. Qxg2 Ra7 23. Nd5 Qd8 24. Rg1 g6 25. Nd4 Rb7 26. Nf5 Kh7 27.
Qh3 h5 28. Nf4 Qe8 29. Qf3 Qe5 30. Rg5 Qf6 31. Rxh5+ gxh5 32. Qxh5+ Kg8 33.
Nh6+ Kg7 34. Nf5+ Kg8 1/2-1/2

[Event "4NCL/Div3/AMCAH vs. LIT3"]
[Site "Staverton Park ENG"]
[Date "2009.02.07"]
[Round "5.4"]
[White "Rajeswaran, Kiruthika"]
[Black "Meechan, Catriona"]
[Result "1-0"]
[WhiteElo "1850"]
[BlackElo "1780"]
[PlyCount "81"]
[EventDate "2009.02.07"]
[SourceDate "2008.10.04"]

1. e4 g6 2. d4 Bg7 3. Nc3 d6 4. Be3 Nd7 5. Qd2 a6 6. f4 b5 7. Nf3 Bb7 8. Be2 c5
9. e5 cxd4 10. Qxd4 Nh6 11. Qd2 Ng4 12. exd6 exd6 13. Bd4 Ndf6 14. h3 Nh6 15.
g4 Nhg8 16. g5 Nh5 17. Bxg7 Nxg7 18. Qd4 f6 19. Nd5 Nf5 20. Qe4+ Kf7 21. gxf6
h6 22. Qd3 Nxf6 23. Nxf6 Qxf6 24. O-O-O Rhe8 25. Rhe1 Re3 26. Qd2 Bxf3 27. Bxf3
Rxf3 28. Qd5+ Kg7 29. Qxf3 Rf8 30. Qb7+ Rf7 31. Qxa6 Re7 32. Rxe7+ Qxe7 33.
Qxb5 Qe3+ 34. Kb1 Qxf4 35. Qd7+ Kf6 36. Qd8+ Ke6 37. Re1+ Kf7 38. Qd7+ Kf6 39.
Qe6+ Kg5 40. Rg1+ Kh5 41. Qxg6+ 1-0